| 000 | 01154nam a22002657a 4500 | ||
|---|---|---|---|
| 003 | OSt | ||
| 005 | 20210323142123.0 | ||
| 008 | 210323b2011 ck ao||gr|||| 00| 0 spa d | ||
| 040 |
_aCO-JMCR _cCO-JMCR |
||
| 041 | 0 | _aspa | |
| 082 | 0 | 4 |
_a333.8232 / _bU762C _223 |
| 100 | 1 |
_aUribe Hurtado, Cristina, _eautora _936165 |
|
| 245 | 1 | 0 |
_aCaño limón : _bcanto al fuego / _cCristina Uribe Hurtado ; prólogo Rodolfo Segovia Salas ; texto Jorge Nel Navea Hidalgo. |
| 250 | _aPrimera edición | ||
| 260 |
_aBogotá : _bOccidental de Colombia, _c2011. |
||
| 300 |
_a240 páginas : _bilustraciones y fotografías en color ; _c32 cm. |
||
| 505 | 0 | _aHombre y poblados -- Hombre y sabana -- Hombre y tierra -- Hombre y Río -- Hombre y cultura -- Hombre y petróleo | |
| 650 | 2 | 4 |
_aGanadería _zArauca (Colombia) _936449 |
| 650 | 2 | 4 |
_aCaño Limón _xFotografías _z(Arauca, Colombia) _936450 |
| 650 | 2 | 4 |
_aCaño Limón _xHistoria _z(Arauca, Colombia) _936451 |
| 650 | 2 | 4 |
_aVida social y costumbres _zArauca (Colombia) _936452 |
| 700 | 1 |
_aSegovia Salas, Rodolfo, _eprologuista _97247 |
|
| 700 | 1 |
_aNavea Hidalgo, Jorge Nel, _eautora _936453 |
|
| 942 |
_2ddc _cBK |
||
| 999 |
_c15469 _d15469 |
||